|
|
|
|
| LEADER |
00000nab a2200000 a 4500 |
| 001 |
vtls010259650 |
| 003 |
SK-MaSNL |
| 005 |
20260318140132.0 |
| 008 |
11030209c2009 xo o |||||||||||||||b|ge |
| 015 |
|
|
|a SNBRB2010/01
|
| 035 |
|
|
|a SVKKK000099259
|
| 038 |
|
|
|a SVKKK
|
| 040 |
|
|
|a SVKKK
|b slo
|c SVKKK
|e AACR2
|
| 041 |
0 |
|
|a ger
|
| 044 |
|
|
|a xo
|c SK
|
| 080 |
|
|
|a 630*31
|2 1997
|
| 080 |
|
|
|a 323.15=112.2(437.6)
|2 1997
|
| 100 |
1 |
|
|a Markus, Marian,
|d 1926-
|4 aut
|9 217305
|
| 245 |
1 |
4 |
|a Die deutschen Holzfäller der Kleinen Karpaten
|b ein Vortrag des Heimat- und Kulturseminars in Bernried am Starnberger See am 7. April 2009
|c Marian Markus
|
| 300 |
|
|
|b Obr.
|
| 650 |
0 |
7 |
|a karpatskí Nemci
|x drevorubači
|x dejiny
|z Malé Karpaty (Slovensko)
|2 snkbucl
|9 1103476
|
| 773 |
0 |
|
|t Karpatenblatt
|x 1336-0736
|g Roč. 18, č. 12 (2009), s. 10
|
| 852 |
|
|
|a SVKKK
|b BIB
|
| 958 |
|
|
|a SK
|
| 999 |
|
|
|c 1813857
|d 1815787
|